Business finance : Theory and management

Đã lưu trong:
Sonraí Bibleagrafaíochta
Príomhúdar: Archer, Stephen H.
Formáid: Leabhar
Teanga:Undetermined
Foilsithe: New York The Macmillan Company 1972
Ábhair:
Clibeanna: Cuir Clib Leis
Gan Chlibeanna, Bí ar an gcéad duine leis an taifead seo a chlibeáil!
Thư viện lưu trữ: Trung tâm Học liệu Trường Đại học Cần Thơ
LEADER 00554nam a2200205Ia 4500
001 CTU_86173
008 210402s9999 xx 000 0 und d
082 |a 658.1 
082 |b A671 
100 |a Archer, Stephen H. 
245 0 |a Business finance : 
245 0 |b Theory and management 
245 0 |c Stephen H. Archer and Charles A. D'Ambrosio 
260 |a New York 
260 |b The Macmillan Company 
260 |c 1972 
650 |a Corporations 
650 |x Finance 
904 |i Năm 
980 |a Trung tâm Học liệu Trường Đại học Cần Thơ